000 00377cam a2200145ua 4500
003 OSt
008 241101b |||||||| |||| 00| 0 eng d
041 _aeng
082 _a621.47
_bTRE/EN
100 _aTreat, John Eltniy .
_96392
245 _aEnergy futures: Trading opportunities for the 1980s /
260 _a :
_bPennwell books ,
_c1980.
300 _a158 ; .
942 _cBK
999 _c1576
_d1576